Rhetorica Ad C. Hernnium
Salvato in:
| Autore principale: | |
|---|---|
| Natura: | Libro |
| Lingua: | italiano |
| Pubblicazione: |
Bolonia
Patron
1993
|
| Soggetti: | |
| Tags: |
Aggiungi Tag
Nessun Tag, puoi essere il primo ad aggiungerne!!
|
MARC
| LEADER | 00000nam a2200000 a 4500 | ||
|---|---|---|---|
| 001 | UCX9096 | ||
| 003 | CL-VaPUC | ||
| 008 | 940516e19930000IT |||||||||||||||||ita|d | ||
| 082 | 0 | 4 | |a 808 |b COR |2 21 |
| 100 | 0 | |a Cornifici |e author |9 547749 | |
| 245 | 1 | 0 | |a Rhetorica Ad C. Hernnium |
| 300 | |a 547 p | ||
| 942 | |c BK | ||
| 945 | |d 19940516 00:00:00 |a aalvarez | ||
| 260 | |a Bolonia |b Patron |c 1993 | ||
| 650 | 0 | |a Retórica |9 266620 | |
| 583 | |a last modification |c 19940516 00:00:00 |k Rodrigo Vera | ||
| 999 | |c 340013 |d 340011 | ||
| 952 | |0 0 |1 0 |4 0 |6 808_000000000000000_COR_1993 |7 0 |8 DER_ROM |9 434318 |a BIBDER |b BIBDER |d 2019-11-22 |i 2979063 |l 1 |o 808 COR 1993 |p 2979063 |r 2023-01-25 |s 2020-03-19 |w 2019-11-22 |x Ubicación 4to piso |y BK |z Este recurso debe solicitarse con anticipación |k DER | ||